00266pam a2200109 a 4500020000500000041000500005082001500010100002400025245005200049260003800101300001700139 c h a770.9bGUP aDr. Vijaya Gupchup. aSt. Thomas Cathedral BombayhTextual Documents a[s.l]:bEminence Design Pvt. Ltd a183:bpaper.